000
00221 a2200097 4500
001
18256
100
_a
Bogoliubor, N N
245
_a
Lectures on Quantum statistics
260
_a
_b
Macdonald & Co
_c
090
_c
13550
_d
13550
942
_a
NUST-CAE
_c
M
_c
3948
999
_c
253329
_d
253329